000 00526nam a2200217Ia 4500
003 OSt
005 20220928145658.0
006 a|||||r|||| 00| 0
007 ta
008 220927b |||||||| |||| 00| 0 eng d
024 _a81773
037 _cTextual
040 _aSDCL
_cSDCL
_beng
041 _2eng
_aeng
082 _aR198, L7
100 _aCohen Jonathan
_9513964
245 0 _aProbable and the provable
260 _c1977
942 _hR198, L7
_cTEXL
_2CC
999 _c834620
_d834620